| 000 | 00000nam 2200000za 4500 |
| 001 | 9.603292 |
| 003 | CaOODSP |
| 005 | 20221107134154 |
| 007 | cr ||||||||||| |
| 008 | 150406s1999 onc|||||o f00| 0 fre d |
| 040 | |aCaOODSP|bfre |
| 043 | |an-cn--- |
| 086 | 1 |aM22-132/4-1-2000F-PDF |
| 110 | 1 |aCanada. |bRessources naturelles Canada. |
| 245 | 10|aRapport de la Table des crédits pour mesures hâtives |h[ressource électronique] : |bl'échange volontaire d'émissions de GES : une option à considérer dans la Stratégie nationale de mise en oeuvre. |
| 260 | |aOttawa : |bLa Table,|c1999. |
| 300 | |a40p.|btableaux |
| 590 | |a12-10-Supp|b2012-03-23 |
| 775 | 08|tReport of the Credit for Early Action Table |w(CaOODSP)9.573052 |
| 776 | 0#|tCrédits pour mesures hâtives : |w(CaOODSP)9.625309 |
| 856 | 40|ahttp://publications.gc.ca|qPDF|s129 Ko|uhttps://publications.gc.ca/collections/Collection/M22-132-4-1-2000F.pdf |